[Event "3. Open de Calviá 2006 Aficionados"]
[Site "Calvia ESP"]
[Date "2006.10.12"]
[Round "2.6"]
[White "Skorna, Ullrich"]
[Black "Lacrosse, Marc"]
[Result "0-1"]
[WhiteElo "2098"]
[BlackElo "2238"]
[PlyCount "64"]
[EventDate "2006.10.20"]
[EventType "swiss"]
[EventRounds "9"]
[EventCountry "ESP"]
[Source "lmi"]
[SourceDate "2006.10.20"]

1. e4 e5 2. Nf3 Nc6 3. Bb5 a6 4. Ba4 Nf6 5. d3 d6 6. c4 Be7 7. Nc3 O-O 8. Nd5
Nxd5 9. cxd5 Nb8 10. h3 f5 11. Bd2 c5 12. dxc6 Nxc6 13. Qc1 Bd7 14. Bb3+ Kh8
15. Ng5 Bxg5 16. Bxg5 Qe8 17. h4 fxe4 18. dxe4 Rc8 19. Qe3 Nd4 20. O-O Be6 21.
Bxe6 Qxe6 22. Qd3 Qg4 23. f3 Qg3 24. Rf2 Rf7 25. Raf1 Rcf8 26. Qa3 h6 27. Bd2
Rxf3 28. Rxf3 Ne2+ 29. Kh1 Qxh4+ 30. Rh3 Rxf1+ 31. Kh2 Qf2 32. Be3 Qe1 0-1

[Event "3. Open de Calviá 2006 Aficionados"]
[Site "Calvia ESP"]
[Date "2006.10.12"]
[Round "2.7"]
[White "Voiteanu, Gabriel"]
[Black "Valls Casas, Jordi"]
[Result "1-0"]
[WhiteElo "2218"]
[BlackElo "2095"]
[PlyCount "85"]
[EventDate "2006.10.20"]
[EventType "swiss"]
[EventRounds "9"]
[EventCountry "ESP"]
[Source "lmi"]
[SourceDate "2006.10.20"]

1. c4 c6 2. Nf3 d5 3. d4 Nf6 4. Qc2 e6 5. g3 Bb4+ 6. Bd2 Qa5 7. Bg2 Ne4 8. O-O
Nxd2 9. Nbxd2 Be7 10. e4 dxe4 11. Nxe4 Nd7 12. Rfe1 Nf6 13. Ne5 O-O 14. Rad1
Qc7 15. f4 Bd7 16. Qb3 Rad8 17. Kh1 Bc8 18. a3 Qb6 19. Qc3 Nxe4 20. Bxe4 Bf6
21. c5 Qc7 22. b4 Bd7 23. Bc2 b6 24. g4 Bxe5 25. dxe5 bxc5 26. bxc5 Bc8 27. Rd6
Rxd6 28. exd6 Qd8 29. Be4 Bd7 30. Rb1 f5 31. gxf5 exf5 32. Bf3 Re8 33. Rb7 Re6
34. Qb3 Qe8 35. Rb8 Bc8 36. Bh5 g6 37. Bf3 Kg7 38. Kg2 Kh6 39. Ra8 Re1 40. Qc3
Re3 41. Rxc8 Rxf3 42. Rxe8 Rxc3 43. d7 1-0

[Event "3. Open de Calviá 2006 Aficionados"]
[Site "Calvia ESP"]
[Date "2006.10.12"]
[Round "2.8"]
[White "Feiguelman, Boris Dr"]
[Black "Kozarcanin, Sead"]
[Result "0-1"]
[WhiteElo "2092"]
[BlackElo "2213"]
[PlyCount "134"]
[EventDate "2006.10.20"]
[EventType "swiss"]
[EventRounds "9"]
[EventCountry "ESP"]
[Source "lmi"]
[SourceDate "2006.10.20"]

1. e4 e5 2. f4 exf4 3. Nf3 g5 4. Bc4 Bg7 5. d4 d6 6. h4 h6 7. c3 Be6 8. Bxe6
fxe6 9. Qb3 Kd7 10. hxg5 hxg5 11. Rxh8 Bxh8 12. Qb5+ Kc8 13. Qxg5 Qxg5 14. Nxg5
e5 15. dxe5 dxe5 16. Na3 Bf6 17. Nf3 Kd7 18. Bd2 Nc6 19. O-O-O Ke6 20. Nb5 Rc8
21. c4 a6 22. Nc3 Nd8 23. g3 fxg3 24. Rg1 Nc6 25. Rxg3 Nd4 26. Ng5+ Bxg5 27.
Rxg5 Rf8 28. Nd1 Nf3 29. Rg7 Nf6 30. Bb4 Rf7 31. Rg6 Rh7 32. Nf2 Kf7 33. Rg3
Nd4 34. Re3 b6 35. Be1 Ke6 36. b4 Rg7 37. Kb2 Rg2 38. Kc3 c5 39. bxc5 bxc5 40.
Kd3 Nh5 41. Kc3 Nf4 42. a4 Rg7 43. Kd2 Rb7 44. Nd1 Rb4 45. Rc3 Rxa4 46. Nb2 Ra2
47. Kc1 Nfe2+ 48. Kb1 Nxc3+ 49. Bxc3 Ra3 50. Nd1 Rb3+ 51. Ka2 Rb7 52. Ne3 Nf3
53. Ng4 Rg7 54. Ne3 Ng5 55. Nd5 Nxe4 56. Ba5 Nd6 57. Nc7+ Rxc7 58. Bxc7 Nxc4
59. Kb3 Kd5 60. Kc3 e4 61. Bf4 a5 62. Bh6 a4 63. Kc2 a3 64. Bg7 e3 65. Kb3 e2
66. Bc3 Ne5 67. Kxa3 Nf3 0-1

[Event "3. Open de Calviá 2006 Aficionados"]
[Site "Calvia ESP"]
[Date "2006.10.12"]
[Round "2.9"]
[White "Rhein, Klaus"]
[Black "Uribe Arteaga, Daniel"]
[Result "0-1"]
[WhiteElo "2082"]
[BlackElo "2202"]
[PlyCount "60"]
[EventDate "2006.10.20"]
[EventType "swiss"]
[EventRounds "9"]
[EventCountry "ESP"]
[Source "lmi"]
[SourceDate "2006.10.20"]

1. e4 c5 2. Nc3 Nc6 3. Nf3 e6 4. d4 cxd4 5. Nxd4 a6 6. Be3 Qc7 7. Be2 Nf6 8.
O-O Bb4 9. Na4 O-O 10. c4 Bd6 11. g3 Nxe4 12. Bf3 f5 13. Nxc6 bxc6 14. Bb6 Qb8
15. Bxe4 fxe4 16. Qc2 Be5 17. c5 e3 18. fxe3 Bf6 19. Qe4 a5 20. Rad1 Ba6 21.
Rf2 Qb7 22. Rfd2 Rf7 23. Nc3 Raf8 24. Ne2 e5 25. Kg2 d5 26. Qg4 Qe7 27. h4 Bc8
28. Qa4 Qe6 29. Rh1 Be7 30. Ng1 Qf5 0-1

[Event "3. Open de Calviá 2006 Aficionados"]
[Site "Calvia ESP"]
[Date "2006.10.12"]
[Round "2.10"]
[White "Fogel, Pierre"]
[Black "Roig Squar, Jason"]
[Result "1/2-1/2"]
[WhiteElo "2202"]
[BlackElo "2092"]
[PlyCount "113"]
[EventDate "2006.10.20"]
[EventType "swiss"]
[EventRounds "9"]
[EventCountry "ESP"]
[Source "lmi"]
[SourceDate "2006.10.20"]

1. d4 d5 2. c4 e6 3. Nc3 Be7 4. Nf3 Nf6 5. Bf4 O-O 6. e3 c5 7. dxc5 dxc4 8.
Bxc4 Bxc5 9. O-O a6 10. Qe2 b5 11. Bd3 Bb7 12. e4 Nh5 13. Bg5 f6 14. Be3 Bxe3
15. Qxe3 e5 16. Rfd1 Nd7 17. Nd5 Bxd5 18. exd5 g6 19. a4 Nf4 20. axb5 a5 21. d6
Qb6 22. Be4 Ra7 23. Bc6 Rb8 24. Nd4 Nc5 25. Nb3 Nxb3 26. Qxb3+ Kg7 27. Qe3 Qxe3
28. fxe3 Ne6 29. b4 a4 30. Ra3 Nd8 31. Rda1 Kf7 32. Rxa4 Rxa4 33. Rxa4 Ke6 34.
Ra7 Kxd6 35. Rd7+ Ke6 36. Rxh7 Nxc6 37. bxc6 Rxb4 38. Kf2 Rc4 39. c7 Kf5 40.
e4+ Ke6 41. h4 f5 42. exf5+ Kxf5 43. Ke3 Rc3+ 44. Kd2 Rc6 45. Rg7 Kf6 46. Rd7
Ke6 47. Rh7 Kf5 48. Kd3 Rc5 49. h5 gxh5 50. Rxh5+ Kg4 51. Rh7 Kf5 52. Ke3 Rc3+
53. Kf2 e4 54. Re7 Kf4 55. g3+ Kf5 56. g4+ Kf4 57. Rf7+ 1/2-1/2

[Event "3. Open de Calviá 2006 Aficionados"]
[Site "Calvia ESP"]
[Date "2006.10.12"]
[Round "2.11"]
[White "Babataeva, Indira"]
[Black "Heikkila, Antti"]
[Result "1-0"]
[WhiteElo "2194"]
[BlackElo "2091"]
[PlyCount "67"]
[EventDate "2006.10.20"]
[EventType "swiss"]
[EventRounds "9"]
[EventCountry "ESP"]
[Source "lmi"]
[SourceDate "2006.10.20"]

1. e4 g6 2. d4 d6 3. Nc3 Nf6 4. Nge2 b5 5. a3 a6 6. g3 Bb7 7. Bg2 Nbd7 8. O-O
c5 9. Re1 Rc8 10. e5 Bxg2 11. exf6 Ba8 12. fxe7 Bxe7 13. Bh6 b4 14. axb4 cxb4
15. Na2 Qc7 16. Nf4 Qb7 17. d5 Kd8 18. Qd4 Rg8 19. Bg7 a5 20. c4 Rxc4 21. Qxc4
Rxg7 22. Nc1 Ne5 23. Qe4 f5 24. Ne6+ Kc8 25. Qg2 Rf7 26. Rxa5 Nc4 27. Ra1 Nb6
28. Rd1 Bf6 29. Nb3 Bxb2 30. Ra2 Ba3 31. Rc2+ Kb8 32. Nd8 Qxd5 33. Rxd5 Bxd5
34. Qxd5 1-0

[Event "3. Open de Calviá 2006 Aficionados"]
[Site "Calvia ESP"]
[Date "2006.10.12"]
[Round "2.12"]
[White "Vazquez Gonzalez, Jesus"]
[Black "Fischer, Marcel"]
[Result "1-0"]
[WhiteElo "2185"]
[BlackElo "2004"]
[PlyCount "75"]
[EventDate "2006.10.20"]
[EventType "swiss"]
[EventRounds "9"]
[EventCountry "ESP"]
[Source "lmi"]
[SourceDate "2006.10.20"]

1. e4 c6 2. d4 d5 3. exd5 cxd5 4. Bd3 Nc6 5. c3 Nf6 6. Bf4 Bg4 7. Qb3 Qd7 8.
Nd2 e6 9. Ngf3 Bxf3 10. Nxf3 Bd6 11. Ne5 Qc7 12. O-O Nh5 13. Be3 Nxe5 14. dxe5
Bxe5 15. Bb5+ Ke7 16. g3 Nf6 17. Rfe1 Ne4 18. Rad1 h5 19. c4 a6 20. cxd5 axb5
21. Qb4+ Nd6 22. Bg5+ Bf6 23. Bf4 Ra4 24. Qb3 e5 25. Bxe5 Bxe5 26. Rxe5+ Kd7
27. Rde1 Qc4 28. Qe3 Qd4 29. Qg5 Re8 30. Rxe8 Nxe8 31. Qe7+ Kc8 32. Qxe8+ Kc7
33. Qxf7+ Kb6 34. d6 Qd2 35. Qc7+ Ka6 36. Qc3 Qxd6 37. Qxg7 Rxa2 38. Qf7 1-0

[Event "3. Open de Calviá 2006 Aficionados"]
[Site "Calvia ESP"]
[Date "2006.10.12"]
[Round "2.13"]
[White "Hallerod, Ralph"]
[Black "Tanco Salas, Jesus Mara"]
[Result "1/2-1/2"]
[WhiteElo "2180"]
[BlackElo "1995"]
[PlyCount "90"]
[EventDate "2006.10.20"]
[EventType "swiss"]
[EventRounds "9"]
[EventCountry "ESP"]
[Source "lmi"]
[SourceDate "2006.10.20"]

1. d4 d5 2. c4 e6 3. cxd5 exd5 4. Nc3 Nf6 5. Bg5 Nbd7 6. e3 Be7 7. Nf3 O-O 8.
Qc2 c6 9. Bd3 Re8 10. O-O Nf8 11. Ne5 g6 12. h3 Ne6 13. Bh6 Ng7 14. g4 Qd6 15.
a3 Nd7 16. Bf4 Qe6 17. e4 Nxe5 18. exd5 Nf3+ 19. Kg2 Nxd4 20. dxe6 Nxc2 21.
exf7+ Kxf7 22. Bxc2 Be6 23. Be3 a6 24. Be4 Rad8 25. b4 Bf6 26. Rac1 Bc4 27. Rg1
Bxc3 28. Kf3 Rxe4 29. Kxe4 Bd5+ 30. Kd3 Bb2 31. Rce1 Bxa3 32. Kc3 a5 33. bxa5
c5 34. Ra1 Bb4+ 35. Kc2 Ne6 36. a6 bxa6 37. Rxa6 Ra8 38. Rxa8 Bxa8 39. Ra1 Be4+
40. Kc1 g5 41. Bd2 Bxd2+ 42. Kxd2 Bg2 43. Ke3 Kf6 44. Ra3 Bxh3 45. f3 Bf1
1/2-1/2

[Event "3. Open de Calviá 2006 Aficionados"]
[Site "Calvia ESP"]
[Date "2006.10.12"]
[Round "2.14"]
[White "Marques Mora, Antonio"]
[Black "Hutchinson, Paul A"]
[Result "0-1"]
[WhiteElo "1987"]
[BlackElo "2178"]
[PlyCount "60"]
[EventDate "2006.10.20"]
[EventType "swiss"]
[EventRounds "9"]
[EventCountry "ESP"]
[Source "lmi"]
[SourceDate "2006.10.20"]

1. d4 d5 2. c4 c6 3. Nc3 Nf6 4. Nf3 dxc4 5. a4 Bf5 6. e3 e6 7. Bxc4 Bb4 8. O-O
Nbd7 9. Qb3 Qb6 10. Ne5 Nxe5 11. dxe5 Nd7 12. a5 Bxa5 13. Rxa5 Qxa5 14. Qxb7
Rd8 15. e4 Qb6 16. Qxb6 Nxb6 17. Ba6 Bg6 18. Bb7 O-O 19. Bxc6 f6 20. exf6 gxf6
21. Bb5 Kg7 22. Be3 Be8 23. Be2 Bc6 24. f3 Rf7 25. Ra1 Nc8 26. Bc4 Re8 27. Ra6
Rc7 28. Ba2 Bd7 29. Ne2 Bb5 30. Nf4 Bxa6 0-1

[Event "3. Open de Calviá 2006 Aficionados"]
[Site "Calvia ESP"]
[Date "2006.10.12"]
[Round "2.17"]
[White "Martin Rodriguez, Emilio"]
[Black "Dominguez Marquez, Juan Carlos"]
[Result "1-0"]
[WhiteElo "2130"]
[BlackElo "1829"]
[PlyCount "71"]
[EventDate "2006.10.20"]
[EventType "swiss"]
[EventRounds "9"]
[EventCountry "ESP"]
[Source "lmi"]
[SourceDate "2006.10.20"]

1. d4 d5 2. c4 c6 3. Nf3 Nf6 4. Nc3 h6 5. cxd5 Nxd5 6. e4 Nxc3 7. bxc3 Bg4 8.
Bc4 e6 9. O-O Be7 10. h3 Bh5 11. d5 cxd5 12. exd5 exd5 13. Bxd5 Nc6 14. Qb3 Qc7
15. Qb5 Bxf3 16. Bxf3 O-O 17. Rb1 Rab8 18. Be3 Bf6 19. Rfc1 Qe5 20. Qa4 a6 21.
Bf4 Qf5 22. Bxc6 Bg5 23. Bxg5 Qxg5 24. Bf3 Rfd8 25. Rd1 Rd2 26. Rxd2 Qxd2 27.
Rxb7 Qe1+ 28. Kh2 Qe5+ 29. g3 Rd8 30. Rd7 Rf8 31. Qd4 Qa5 32. Bd5 Qb5 33. Bb3
Qf5 34. c4 Re8 35. c5 Re2 36. Rxf7 1-0

[Event "3. Open de Calviá 2006 Aficionados"]
[Site "Calvia ESP"]
[Date "2006.10.12"]
[Round "2.19"]
[White "Ehsan, Ali"]
[Black "Ruiz Vinals, Matias"]
[Result "1-0"]
[WhiteElo "2236"]
[BlackElo "2030"]
[PlyCount "59"]
[EventDate "2006.10.20"]
[EventType "swiss"]
[EventRounds "9"]
[EventCountry "ESP"]
[Source "lmi"]
[SourceDate "2006.10.20"]

1. e4 c5 2. Nf3 d6 3. d4 cxd4 4. Nxd4 Nf6 5. Nc3 g6 6. f3 Bg7 7. Be3 a6 8. Qd2
Nbd7 9. O-O-O b5 10. Nb3 Bb7 11. Kb1 Rc8 12. Bd4 O-O 13. g4 b4 14. Nd5 a5 15.
g5 Nh5 16. Bh3 Bxd5 17. exd5 a4 18. Nc1 Rc4 19. Bxg7 Nxg7 20. b3 Rh4 21. Bg4
Qc7 22. Qf2 Rc8 23. Bxd7 Qxd7 24. Qxh4 Nf5 25. Qxb4 Ne3 26. Rd2 a3 27. Qe4 Nc4
28. bxc4 Qa4 29. Nb3 Rxc4 30. Rd4 1-0

[Event "3. Open de Calviá 2006 Aficionados"]
[Site "Calvia ESP"]
[Date "2006.10.12"]
[Round "2.20"]
[White "Pascual Genoves, Marc"]
[Black "Moreno Garcia, Alfonso"]
[Result "1-0"]
[WhiteElo "2206"]
[BlackElo "1988"]
[PlyCount "87"]
[EventDate "2006.10.20"]
[EventType "swiss"]
[EventRounds "9"]
[EventCountry "ESP"]
[Source "lmi"]
[SourceDate "2006.10.20"]

1. e4 e5 2. Nf3 Nc6 3. Bc4 Be7 4. d4 d6 5. h3 Nf6 6. Nc3 O-O 7. O-O a6 8. a4
exd4 9. Nxd4 Nxd4 10. Qxd4 Bd7 11. Bf4 Bc6 12. Rad1 Re8 13. Rfe1 Rb8 14. a5 b5
15. axb6 Rxb6 16. b3 Qa8 17. Nd5 Nxd5 18. exd5 Bf6 19. Qd3 Bb5 20. Re4 Rxe4 21.
Qxe4 Rb8 22. Qd3 g6 23. Bh6 Qb7 24. Re1 Qb6 25. Re4 Qa5 26. Qe2 Bg7 27. Bxg7
Kxg7 28. Re7 Qb6 29. Qf3 Rf8 30. Bxb5 axb5 31. Qc3+ Kg8 32. Rxc7 b4 33. Qc6 Qd4
34. Qc4 Qa1+ 35. Kh2 Qe5+ 36. g3 Ra8 37. Qxb4 h5 38. Qc3 Qf5 39. Qd4 Re8 40.
Qf4 Qxd5 41. c4 Qe6 42. Rc6 Qe2 43. Rxd6 Re5 44. Qf6 1-0

[Event "3. Open de Calviá 2006 Aficionados"]
[Site "Calvia ESP"]
[Date "2006.10.13"]
[Round "3.1"]
[White "Uribe Arteaga, Daniel"]
[Black "Galiana, Juan Ramon"]
[Result "1-0"]
[WhiteElo "2202"]
[BlackElo "2291"]
[PlyCount "108"]
[EventDate "2006.10.20"]
[EventType "swiss"]
[EventRounds "9"]
[EventCountry "ESP"]
[Source "lmi"]
[SourceDate "2006.10.20"]

1. e4 e6 2. Qe2 Nc6 3. Nf3 e5 4. g3 d6 5. Bg2 Be7 6. O-O h5 7. h4 Bg4 8. c3 g5
9. hxg5 Bxg5 10. Qb5 Bxf3 11. Bxf3 Qd7 12. d4 Bxc1 13. Rxc1 a6 14. Qxb7 Ra7 15.
Qb3 h4 16. d5 Nd8 17. g4 Nf6 18. Qd1 Rg8 19. Nd2 Nxg4 20. Bxg4 Rxg4+ 21. Kh2 h3
22. Qe2 Rg2+ 23. Kh1 Qe7 24. Rg1 Qg5 25. Nc4 Qg3 26. fxg3 Rxe2 27. Rae1 Rc2 28.
Rgf1 Nb7 29. Rf3 Nc5 30. b4 Nd7 31. a4 Ra8 32. Ref1 f6 33. g4 Kf7 34. g5 Rg8
35. gxf6 h2 36. Rh3 Rg1+ 37. Rxg1 hxg1=Q+ 38. Kxg1 Nxf6 39. Re3 Kg6 40. b5 axb5
41. axb5 Kg5 42. b6 cxb6 43. Nxd6 Kf4 44. Re1 Ng4 45. Rf1+ Ke3 46. Nc4+ Kd3 47.
Nxb6 Kxe4 48. d6 Ne3 49. Re1 Rg2+ 50. Kh1 Rg8 51. Nc4 Kd3 52. Kh2 Rh8+ 53. Kg3
Rg8+ 54. Kh4 Ng2+ 1-0

[Event "3. Open de Calviá 2006 Aficionados"]
[Site "Calvia ESP"]
[Date "2006.10.13"]
[Round "3.2"]
[White "Hutchinson, Paul A"]
[Black "Barcelo, Pedro"]
[Result "1-0"]
[WhiteElo "2178"]
[BlackElo "2261"]
[PlyCount "68"]
[EventDate "2006.10.20"]
[EventType "swiss"]
[EventRounds "9"]
[EventCountry "ESP"]
[Source "lmi"]
[SourceDate "2006.10.20"]

1. e4 e6 2. d4 d5 3. Nc3 Nf6 4. e5 Nfd7 5. f4 c5 6. Nf3 Nc6 7. Be3 a6 8. Qd2 b5
9. Ne2 Qb6 10. c3 b4 11. c4 dxc4 12. d5 Ne7 13. dxe6 fxe6 14. g3 Bb7 15. Bg2
O-O-O 16. Qc2 Nf5 17. Bf2 Bd5 18. O-O Qc6 19. Ne1 Nb6 20. Rd1 Be7 21. g4 Nh6
22. h3 Nf7 23. Bg3 g6 24. Kh2 g5 25. f5 h5 26. fxe6 Nh6 27. gxh5 Qxe6 28. Bxd5
Rxd5 29. Rxd5 Nxd5 30. Qxc4 Nf5 31. Rxf5 Qxf5 32. Qxd5 Rxh5 33. Qc6+ Kd8 34. e6
Bf8 1-0

[Event "3. Open de Calviá 2006 Aficionados"]
[Site "Calvia ESP"]
[Date "2006.10.13"]
[Round "3.3"]
[White "Tattersall, Lester"]
[Black "Babataeva, Indira"]
[Result "1-0"]
[WhiteElo "2254"]
[BlackElo "2194"]
[PlyCount "66"]
[EventDate "2006.10.20"]
[EventType "swiss"]
[EventRounds "9"]
[EventCountry "ESP"]
[Source "lmi"]
[SourceDate "2006.10.20"]

1. Nf3 Nf6 2. g3 g6 3. Bg2 Bg7 4. d3 d6 5. O-O O-O 6. e4 e5 7. c3 h6 8. d4 Nxe4
9. dxe5 d5 10. Ne1 Bxe5 11. Bxh6 Bg7 12. Bxg7 Kxg7 13. c4 Qf6 14. Qc1 c6 15.
Nd3 Ng5 16. cxd5 Bg4 17. Qc3 Be2 18. Rc1 Bxd3 19. Qxd3 Nd7 20. f4 Qxb2 21. Nc3
Qb6+ 22. Kh1 Rh8 23. h4 Qf2 24. Re1 Nh7 25. dxc6 Ndf6 26. cxb7 Ng4 27. Qf3 Nhf6
28. Bh3 Qb2 29. Ne2 Qb3 30. Rad1 Ne4 31. Rd7 Qc3 32. f5 Qb2 33. Bg2 Qf6 1-0

[Event "3. Open de Calviá 2006 Aficionados"]
[Site "Calvia ESP"]
[Date "2006.10.13"]
[Round "3.4"]
[White "Lacrosse, Marc"]
[Black "Vazquez Gonzalez, Jesus"]
[Result "1-0"]
[WhiteElo "2238"]
[BlackElo "2185"]
[PlyCount "73"]
[EventDate "2006.10.20"]
[EventType "swiss"]
[EventRounds "9"]
[EventCountry "ESP"]
[Source "lmi"]
[SourceDate "2006.10.20"]

1. d4 Nf6 2. c4 e6 3. Nf3 b6 4. a3 Ba6 5. Qc2 d5 6. cxd5 exd5 7. Nc3 Bd6 8. g3
O-O 9. Bg2 Nbd7 10. O-O c6 11. Re1 Bb7 12. Nh4 Re8 13. Nf5 Nf8 14. Nxd6 Qxd6
15. Bf4 Qd7 16. Rad1 Nh5 17. Bc1 f5 18. Bh3 g6 19. e4 dxe4 20. Nxe4 Qd5 21. Nc3
Qf7 22. Bg2 Nf6 23. Bf4 Ne6 24. Be5 Nd5 25. Nxd5 cxd5 26. Qb3 Qd7 27. h4 Rac8
28. Rc1 h5 29. Qe3 Kh7 30. Rxc8 Rxc8 31. Bb8 Rxb8 32. Qxe6 Qxe6 33. Rxe6 Kg7
34. Rd6 Kf7 35. b4 Re8 36. Rd7+ Re7 37. Rxb7 1-0

[Event "3. Open de Calviá 2006 Aficionados"]
[Site "Calvia ESP"]
[Date "2006.10.13"]
[Round "3.6"]
[White "Kozarcanin, Sead"]
[Black "Fokin, Sergey"]
[Result "0-1"]
[WhiteElo "2213"]
[BlackElo "2157"]
[PlyCount "107"]
[EventDate "2006.10.20"]
[EventType "swiss"]
[EventRounds "9"]
[EventCountry "ESP"]
[Source "lmi"]
[SourceDate "2006.10.20"]

1. Nf3 Nf6 2. g3 b6 3. Bg2 Bb7 4. O-O e6 5. b3 c5 6. Bb2 Be7 7. d3 O-O 8. Nbd2
Nc6 9. e4 d6 10. Re1 Nd7 11. d4 cxd4 12. Nxd4 Nxd4 13. Bxd4 b5 14. c4 b4 15.
Qe2 Qc7 16. Rad1 e5 17. Be3 Rfe8 18. Nf1 a5 19. Qc2 Nc5 20. Bxc5 Qxc5 21. Ne3
g6 22. h4 h5 23. Nd5 Bxd5 24. Rxd5 Qc7 25. Bh3 Ra6 26. Red1 Rc6 27. Qe2 Kg7 28.
Qe3 Ra8 29. Kg2 Ra7 30. f4 Bf6 31. f5 Raa6 32. Rf1 Qe7 33. fxg6 fxg6 34. Rfd1
Qc7 35. Qf3 a4 36. Qd3 axb3 37. axb3 Qa7 38. Rd2 Ra1 39. Rxd6 Rxd6 40. Qxd6 Qe3
41. Qd7+ Kh6 42. Qd3 Rg1+ 43. Kh2 Rxg3 44. Qxe3+ Rxe3 45. Rd6 Bxh4 46. Bf5 Kg5
47. Rxg6+ Kf4 48. Be6 Rxb3 49. Bd5 Rc3 50. Rg7 Bg3+ 51. Kg2 Rc2+ 52. Kf1 b3 53.
Rb7 b2 54. Rg7 0-1

[Event "3. Open de Calviá 2006 Aficionados"]
[Site "Calvia ESP"]
[Date "2006.10.13"]
[Round "3.7"]
[White "Vrban, Mladen"]
[Black "Martin Rodriguez, Emilio"]
[Result "1-0"]
[WhiteElo "2297"]
[BlackElo "2130"]
[PlyCount "107"]
[EventDate "2006.10.20"]
[EventType "swiss"]
[EventRounds "9"]
[EventCountry "ESP"]
[Source "lmi"]
[SourceDate "2006.10.20"]

1. Nf3 d5 2. g3 Nf6 3. Bg2 g6 4. b3 Bg7 5. Bb2 c6 6. d3 Bg4 7. O-O O-O 8. Nbd2
a5 9. a4 Na6 10. Re1 Rc8 11. h3 Bxf3 12. exf3 e6 13. f4 Nb4 14. Nf3 c5 15. Ne5
Nd7 16. Bf1 Nxe5 17. fxe5 d4 18. Bg2 Nd5 19. Bc1 f5 20. exf6 Qxf6 21. Qe2 Rce8
22. Bd2 b6 23. Rf1 h5 24. Rae1 Nc3 25. Bxc3 dxc3 26. Qe4 Qf5 27. Qc6 Bd4 28.
Re2 e5 29. Be4 Qf6 30. Qd5+ Kg7 31. Kg2 h4 32. Qd7+ Re7 33. Qg4 hxg3 34. Qxg3
Rh8 35. f4 Rf7 36. f5 Rh5 37. h4 Rxh4 38. Qxg6+ Qxg6+ 39. fxg6 Rff4 40. Rxf4
exf4 41. Kf3 Kf6 42. Rg2 Kg7 43. Bf5 Be3 44. Ke4 Bd2 45. Kd5 Be3 46. Be4 Rh3
47. Rg5 f3 48. Rf5 f2 49. Rf7+ Kg8 50. Ke6 Rh4 51. Bd5 c4 52. Ke7 Bc5+ 53. Ke8
f1=Q 54. Rh7+ 1-0

[Event "3. Open de Calviá 2006 Aficionados"]
[Site "Calvia ESP"]
[Date "2006.10.13"]
[Round "3.8"]
[White "Schenk Papke, Andres"]
[Black "Van Hoolandt, Patrick"]
[Result "1/2-1/2"]
[WhiteElo "2155"]
[BlackElo "2282"]
[PlyCount "62"]
[EventDate "2006.10.20"]
[EventType "swiss"]
[EventRounds "9"]
[EventCountry "ESP"]
[Source "lmi"]
[SourceDate "2006.10.20"]

1. Nf3 Nf6 2. c4 e6 3. g3 a6 4. Bg2 b5 5. b3 Bb7 6. O-O c5 7. Bb2 Be7 8. d4
bxc4 9. dxc5 Qa5 10. Qd2 Qxd2 11. Nbxd2 cxb3 12. Nxb3 a5 13. Rac1 a4 14. Nbd4
a3 15. Ba1 O-O 16. Ne5 Bxg2 17. Kxg2 Nd5 18. c6 d6 19. c7 Nxc7 20. Rxc7 dxe5
21. Rxe7 exd4 22. Bxd4 Nc6 23. Rd7 Nxd4 24. Rxd4 Rfb8 25. Rfd1 g6 26. R1d2 Kg7
27. R4d3 Ra4 28. Rc3 Ra7 29. e3 Rb1 30. Rdd3 Rb2 31. Rxa3 Rc7 1/2-1/2

[Event "3. Open de Calviá 2006 Aficionados"]
[Site "Calvia ESP"]
[Date "2006.10.13"]
[Round "3.9"]
[White "Castell Cantero, Salvador"]
[Black "Ehsan, Ali"]
[Result "0-1"]
[WhiteElo "2111"]
[BlackElo "2236"]
[PlyCount "60"]
[EventDate "2006.10.20"]
[EventType "swiss"]
[EventRounds "9"]
[EventCountry "ESP"]
[Source "lmi"]
[SourceDate "2006.10.20"]

1. d4 e5 2. d5 Bc5 3. e3 d6 4. Nf3 f5 5. c4 Nf6 6. Be2 O-O 7. Nc3 Ne4 8. Qc2
Nxc3 9. Qxc3 a5 10. O-O Nd7 11. b3 Nf6 12. Nd2 Ne4 13. Nxe4 fxe4 14. f3 Qg5 15.
Qe1 Bxe3+ 16. Bxe3 Qxe3+ 17. Kh1 exf3 18. Bxf3 Qxe1 19. Raxe1 b6 20. Be4 Bd7
21. a4 g6 22. h3 Rxf1+ 23. Rxf1 Rf8 24. Rxf8+ Kxf8 25. Kh2 Bf5 26. Bxf5 gxf5
27. Kg3 Kg7 28. Kf3 Kg6 29. h4 Kh5 30. g3 h6 0-1

[Event "3. Open de Calviá 2006 Aficionados"]
[Site "Calvia ESP"]
[Date "2006.10.13"]
[Round "3.10"]
[White "Roig Squar, Jason"]
[Black "Pascual Genoves, Marc"]
[Result "1/2-1/2"]
[WhiteElo "2092"]
[BlackElo "2206"]
[PlyCount "90"]
[EventDate "2006.10.20"]
[EventType "swiss"]
[EventRounds "9"]
[EventCountry "ESP"]
[Source "lmi"]
[SourceDate "2006.10.20"]

1. d4 d5 2. c4 e6 3. Nc3 c5 4. cxd5 exd5 5. Nf3 Nc6 6. g3 Nf6 7. Bg2 Be7 8. O-O
O-O 9. dxc5 Bxc5 10. Bg5 d4 11. Bxf6 Qxf6 12. Ne4 Qe7 13. Nxc5 Qxc5 14. Qd2 Bg4
15. Rac1 Qb6 16. Rfe1 Rfe8 17. Ng5 Bf5 18. Nxf7 Kxf7 19. Qf4 Kg8 20. Qxf5 Rf8
21. Qc5 Qxb2 22. Rb1 Qd2 23. Qc4+ Kh8 24. Bxc6 bxc6 25. Red1 Qa5 26. Rxd4 Rxf2
27. Kxf2 Qf5+ 28. Rf4 Qxb1 29. Qxc6 Rg8 30. a4 a5 31. Qc3 Qh1 32. Qxa5 Qxh2+
33. Kf3 h5 34. Qe1 Qh3 35. Qf2 Re8 36. e3 Rb8 37. Qg2 Qd7 38. g4 g5 39. Rd4
Rf8+ 40. Kg3 Qc7+ 41. Kh3 hxg4+ 42. Qxg4 Qh7+ 43. Kg3 Qc7+ 44. Kh3 Qh7+ 45. Kg3
Qc7+ 1/2-1/2

[Event "3. Open de Calviá 2006 Aficionados"]
[Site "Calvia ESP"]
[Date "2006.10.13"]
[Round "3.11"]
[White "Tanco Salas, Jesus Mara"]
[Black "Fogel, Pierre"]
[Result "1/2-1/2"]
[WhiteElo "1995"]
[BlackElo "2202"]
[PlyCount "45"]
[EventDate "2006.10.20"]
[EventType "swiss"]
[EventRounds "9"]
[EventCountry "ESP"]
[Source "lmi"]
[SourceDate "2006.10.20"]

1. Nf3 d5 2. c4 e6 3. b3 Nf6 4. Bb2 c5 5. cxd5 exd5 6. d4 Nc6 7. g3 Ne4 8. Bg2
cxd4 9. O-O Bc5 10. Nxd4 Qb6 11. e3 Bxd4 12. Bxd4 Nxd4 13. Qxd4 Qxd4 14. exd4
O-O 15. f3 Nf6 16. Nc3 Be6 17. f4 g6 18. Rac1 Rfc8 19. Nb5 Rxc1 20. Rxc1 a6 21.
Nd6 b5 22. Nb7 h5 23. Nc5 1/2-1/2

[Event "3. Open de Calviá 2006 Aficionados"]
[Site "Calvia ESP"]
[Date "2006.10.13"]
[Round "3.12"]
[White "Galvao, Henrique"]
[Black "Niculae, Alexandru"]
[Result "1-0"]
[WhiteElo "2181"]
[BlackElo "2110"]
[PlyCount "53"]
[EventDate "2006.10.20"]
[EventType "swiss"]
[EventRounds "9"]
[EventCountry "ESP"]
[Source "lmi"]
[SourceDate "2006.10.20"]

1. e4 d6 2. d4 g6 3. Nc3 Bg7 4. Be3 Nf6 5. f3 O-O 6. Qd2 e5 7. Nge2 exd4 8.
Nxd4 Nc6 9. O-O-O Nxd4 10. Bxd4 Ne8 11. h4 Bxd4 12. Qxd4 Qf6 13. Qd2 Be6 14. h5
g5 15. h6 Kh8 16. Bd3 Rg8 17. Qe3 Qe5 18. Qf2 Nf6 19. g3 Qc5 20. Qxc5 dxc5 21.
e5 Nd7 22. f4 f5 23. g4 Raf8 24. gxf5 Bxf5 25. Bxf5 Rxf5 26. Rxd7 gxf4 27. Nd5
1-0